12 Grains - Statistics

General Stats
  • This quiz has been taken 91 times
  • The average score is 8 of 12
Answer Stats
Grain % Correct
Wheat
99%
Barley
93%
Rice
93%
Corn
84%
Oats
72%
Rye
70%
Sorghum
64%
Quinoa
58%
Millet
53%
Buckwheat
41%
Amaranth
36%
Triticale
15%
No matching quizzes found
Score Distribution
Percent of People with Each Score
Percentile by Number Answered
Your Score History
You have not taken this quiz